[Event "Belgrade Spring Open 2021"]
[Site "Belgrade"]
[Date "2021.04.09"]
[Round "9.1"]
[White "Martirosyan, Haik M."]
[Black "Kazakouski, Valery"]
[Result "1/2-1/2"]
[WhiteElo "2620"]
[BlackElo "2476"]
[Annotator "TA"]
[PlyCount "125"]
[EventDate "2021.04.02"]
[EventType "swiss"]
[EventCountry "SRB"]
[SourceTitle "playchess.com"]
[Source "ChessBase"]
[SourceQuality "1"]

{[%evp 9,125,11,21,3,26,17,19,7,7,0,0,0,0,0,39,10,7,0,18,-24,-21,-17,-8,-19,3,0,24,19,19,30,30,30,36,31,22,9,22,9,15,10,19,23,28,31,42,47,32,34,40,15,27,8,29,9,58,10,19,9,18,7,10,0,25,30,26,24,43,29,33,-41,36,0,0,0,12,6,31,-34,-14,-22,-31,-33,-28,-15,-21,-10,0,-62,0,-178,-168,-139,0,0,0,0,0,0,0,0,0,0,0,8,8,15,15,0,8,0,0,0,0,0,0,0,0,0]} 1. d4 Nf6 2. c4 e6 3. Nf3 d5 4. Nc3 Bb4 5. cxd5 exd5 6. Bf4 {D38: Queen's Gambit Declined: Ragozin Defence (4 Nf3 Bb4).} c6 7. e3 Bf5 8. Qb3 Qb6 9. Nh4 Be6 {[#]} 10. a3 $146 ({Predecessor:} 10. Bd3 Be7 11. Qc2 Nh5 12. Bg3 Nxg3 13. hxg3 g6 14. f4 Rg8 15. Nf3 Nd7 16. Rxh7 {1-0 (30) Le,Q (2709)-Gajewski,G (2616) chess.com INT 2020}) 10... Be7 11. Qc2 Qd8 12. Na4 Nh5 13. Nf3 Nd7 14. h3 Nxf4 15. exf4 Qa5+ 16. Nc3 Nf6 17. Bd3 h6 18. O-O O-O 19. Rfe1 {And now f5 would win.} Bd6 20. Ne5 Rad8 21. b4 Qb6 22. Red1 Kh8 23. Bf5 Bxf5 24. Qxf5 a5 25. Rab1 axb4 26. axb4 Qc7 ({Don't go for} 26... Bxb4 $2 27. Na2 $18) 27. Rdc1 Qe7 28. Re1 Qc7 29. Qd3 Kg8 30. g3 Rfe8 31. Kg2 Ra8 32. Rb3 Rac8 33. Ra1 Qe7 34. Ra7 Bb8 35. Ra2 Bd6 36. Re2 Qd8 ({Avoid the trap} 36... Bxb4 $2 37. Nxc6 $1 {[%mdl 512]} bxc6 38. Rxe7 $16) 37. Na4 Bf8 38. Nc5 Rc7 39. Qf5 ({White should play} 39. Rc3 $14) 39... Qc8 (39... Ne4 $1 $15) 40. Qc2 b6 41. Na4 Qa6 42. Nc3 c5 43. Ng4 (43. bxc5 $14 bxc5 44. Qd1) 43... Rxe2 $15 44. Nxf6+ gxf6 45. Nxe2 Qc4 46. Rc3 Qxb4 47. Qf5 c4 48. Qxd5 ({White should try} 48. Rc2 $11) 48... Qa5 ({Better is} 48... Qd6 $15 49. Qb5 Qc6+ 50. Qxc6 Rxc6) 49. Qf3 $2 {[#]} (49. Qxa5 $1 $11 {and White has nothing to worry.} bxa5 50. f5) 49... b5 $1 $19 50. Re3 Re7 (50... b4 $17 51. Re8 f5) 51. Qg4+ $11 {The position is equal.} Kh8 52. Rxe7 Bxe7 53. Qd7 Qb4 54. f5 {Strongly threatening Nf4.} Kg7 55. Nf4 {With the idea Nh5+.} Qd6 56. Qe8 Bf8 57. Qxb5 Qxd4 58. Qb7 {Intending Ne6+ and mate.} Kg8 {aiming for ...c3.} 59. Qc6 Bc5 60. Qe8+ Bf8 {Hoping for ...c3.} 61. Qc6 Bc5 62. Qe8+ Bf8 {...c3 is the strong threat.} 63. Qc6 {Weighted Error Value: White=0.19/Black=0.12} 1/2-1/2

[Event "Belgrade Spring Open 2021"]
[Site "Belgrade"]
[Date "2021.04.09"]
[Round "9.2"]
[White "Sargsyan, Shant"]
[Black "Martic, Ivan"]
[Result "1-0"]
[WhiteElo "2598"]
[BlackElo "2318"]
[Annotator "TA"]
[PlyCount "81"]
[EventDate "2021.04.02"]
[EventType "swiss"]
[EventCountry "SRB"]
[SourceTitle "playchess.com"]
[Source "ChessBase"]
[SourceQuality "1"]

{[%evp 14,81,0,0,8,6,41,43,77,72,73,67,66,65,79,0,8,0,0,-17,-13,-36,44,18,35,27,35,12,21,10,4,0,18,24,26,29,77,59,82,79,83,0,0,0,0,0,150,99,93,76,216,0,429,323,318,313,337,324,29994,29995,29995,29996,29996,29997,29997,29998,29998,29999,29999,29999]} 1. d4 e6 2. e4 d5 3. e5 c5 4. c3 Nc6 5. Nf3 Bd7 6. Be2 Nge7 7. Na3 cxd4 8. cxd4 Ng6 {C02: French: Advance Variation.} 9. h4 Bb4+ 10. Kf1 Bxa3 {White is slightly better.} 11. bxa3 Nge7 {[#]} 12. h5 $146 ({Predecessor:} 12. Bd3 Nf5 13. Rb1 b6 14. Rh3 h6 15. Bd2 Rc8 16. Kg1 O-O 17. g4 Nfxd4 18. Nxd4 Nxd4 {1-0 (29) Glukhovtsev,S (2131)-Douglas,S (2249) ICCF email 2006}) 12... h6 13. Rb1 Na5 14. g4 (14. Rh3 $16) 14... Qc7 15. a4 Nc4 16. Qb3 Bc6 17. Ba3 O-O-O (17... Qd7 $15) 18. Rh3 f6 19. Kg1 Kb8 20. Bc5 Ka8 21. Qc3 (21. Qb4 {keeps more tension.} Nc8 22. Bxc4 dxc4 23. Qxc4 Rhe8 24. Rg3) 21... b6 22. Bb4 Bb7 23. a5 $1 bxa5 24. Bd6 Rxd6 25. exd6 Qxd6 {[#]} 26. Nd2 $1 $36 {[%mdl 2048] White is on the roll.} ({Of course not} 26. Bxc4 dxc4 27. Qxc4 Rc8 $15) 26... Rc8 27. Rb5 ({Reject} 27. Bxc4 dxc4 28. Rxb7 Kxb7 $11) (27. Nxc4 $16 dxc4 28. Qxa5) 27... Qf4 $11 28. Nxc4 dxc4 29. Rc5 Rb8 (29... Rxc5 $11 30. dxc5 Qe4) 30. Rxc4 (30. Qxc4 $142 Bd5 31. Qc1) 30... Be4 $16 31. Rg3 Nd5 (31... Rb1+ $16 32. Bf1 Qg5) 32. Qxa5 $2 ({Only move:} 32. Qc1 $18) 32... Qd6 $2 {[%mdl 8192]} (32... Rb1+ $11 {and Black is okay.} 33. Bf1 Nb6) 33. Rb3 {White wants to mate with Qxa7+!} Nb6 34. Rc1 Qf4 35. Rc5 {Intending Qxa7+! and mate.} Bd5 $2 {[#]} (35... Rb7 $18 36. Qc3 Bd5) 36. Qxa7+ $3 {[%mdl 512] White mates.} Kxa7 37. Ra3+ Kb7 38. Ba6+ Ka7 39. Bc8+ $1 Na4 40. Rxa4+ Kb6 41. Rb4+ {Weighted Error Value: White=0.19/Black=0.63} 1-0

[Event "Belgrade Spring Open 2021"]
[Site "Belgrade"]
[Date "2021.04.09"]
[Round "9.3"]
[White "Sturt, Raven"]
[Black "Kamer, Kayra"]
[Result "1/2-1/2"]
[WhiteElo "2490"]
[BlackElo "2339"]
[Annotator "TA"]
[PlyCount "199"]
[EventDate "2021.04.02"]
[EventType "swiss"]
[EventCountry "SRB"]
[SourceTitle "playchess.com"]
[Source "ChessBase"]
[SourceQuality "1"]

{[%evp 22,199,68,76,81,51,52,55,57,40,47,20,60,72,92,94,100,88,95,95,105,104,115,43,66,-86,-90,-93,0,0,40,0,0,0,7,0,0,-77,0,0,0,0,0,0,0,0,0,0,0,0,20,20,20,22,29,29,29,29,29,29,37,37,37,37,37,37,37,37,37,37,37,28,37,20,37,28,37,0,37,8,28,28,28,28,28,28,28,28,28,28,28,28,28,28,28,28,68,68,68,68,68,68,68,68,68,68,68,68,68,68,68,68,68,68,68,68,68,68,60,41,68,68,68,68,68,0,0,0,0,0,0,0,0,0,0,0,0,0,0,0,0,0,0,0,0,0,0,0,0,0,0,0,0,0,0,0,22,0,0,0,0,0,0,0,0,0,0,0,0,0,0,0,0,0,0,0,0,0,0,0]} 1. d4 Nf6 2. c4 g6 3. Nf3 Bg7 4. Nc3 O-O 5. e4 d6 6. Be2 Bg4 7. Be3 Nfd7 8. O-O c5 9. d5 Na6 {[%cal Bb8a6,Ba6c7,Bc7e6,Be6d4][%mdl 32]} 10. h3 Bxf3 11. Bxf3 Nc7 12. Be2 Re8 {E91: King's Indian: Classical: 6 Be2, unusual replies including 6...c5 and 6...Bg4.} 13. Qd2 e6 14. dxe6 Nxe6 {White is slightly better.} 15. Qxd6 Nd4 16. Bg4 Ne5 17. Qxc5 Nd3 18. Qd5 Nc2 19. Rab1 {Hoping for Bg5.} ({Much worse is} 19. Qxb7 $6 Nxa1 20. Rxa1 Rb8 $11) 19... Nxe3 20. fxe3 Ne5 {[#]} 21. Qxb7 $146 ({Predecessor:} 21. Be2 Qg5 22. Rf4 Qg3 23. Bf3 Rad8 24. Ne2 Rxd5 25. Nxg3 Ra5 26. Nf1 Rxa2 27. Be2 {0-1 (35) Mitev,V (1813)-Antic,D (2450) Plovdiv 2015}) 21... h5 22. Bf3 (22. Be2 $16) 22... Rb8 23. Qd5 (23. Qxa7 $14 {is the one way to stay ahead.} Nxc4 24. e5) 23... Qg5 $17 24. Qd1 Nxc4 (24... Qxe3+ $17 25. Kh1 Nxc4) 25. Nd5 $11 Be5 26. Qe2 Nxb2 27. Qa6 Re6 28. Qxa7 Qg3 {And now ...Nd3 would win.} 29. Rfc1 {[#]} (29. Nf4 $11 {remains equal.} Reb6 30. Qe7) 29... Kg7 (29... Nd3 30. Rxb8+ Kg7 31. Rb7 $11) (29... Ree8 $1 $17 30. Nf4 Rbd8) 30. Nf4 {[%cal Rf4e6]} Rf6 {White must now prevent ...Nd3!} 31. Qc5 Bxf4 32. exf4 {aiming for Qd4.} Nd3 33. Qg5 Qf2+ 34. Kh2 Rxb1 35. Rxb1 Qxa2 ({Reject} 35... Rxf4 $6 36. Bxh5 Qc2 37. Rb8 $16) 36. Rb8 Qd2 37. Bxh5 Qxf4+ 38. Qxf4 Rxf4 {[%mdl 4096] Endgame KRB-KRN} 39. Bf3 Ne5 40. Kg3 Rf6 41. Re8 (41. Be2 {feels hotter.} Rc6 42. Kf4 Rc2 43. Bd1 Rd2 44. Bf3) 41... Nxf3 42. gxf3 $14 {KR-KR} Ra6 43. h4 Ra5 44. Rd8 Ra1 45. Rd2 Kf6 46. Rh2 Ra5 47. Kg4 Rb5 48. Rd2 Rb1 49. Rh2 Rb5 50. f4 Rb1 51. h5 Rg1+ 52. Kf3 gxh5 53. Rxh5 Rf1+ 54. Kg3 Rg1+ 55. Kf2 Ra1 56. Rh6+ Kg7 57. Rd6 Ra3 58. Ke2 Ra5 59. Kf3 Ra4 60. e5 Rb4 61. Kg4 Ra4 62. Kg5 Ra5 63. Rb6 Rc5 64. Rb7 Ra5 65. Kf5 Rc5 66. Rd7 Ra5 67. Re7 Rb5 68. Kg5 Ra5 69. Kg4 Ra1 70. Kf5 Ra5 71. Rd7 Rb5 72. Ke4 {[#] e6 is the strong threat.} Rb1 73. f5 (73. Rd8 $14) 73... Re1+ $1 $11 {The position is equal.} 74. Kd5 {Threatens to win with e6.} Rf1 $1 75. f6+ Kg6 $1 76. Kd6 Ra1 77. Rc7 Ra6+ 78. Rc6 (78. Kc5 {is interesting.} Kf5 79. Re7 Ra5+ 80. Kd4 Ra4+ 81. Kd3) 78... Ra7 79. Rc2 (79. Rc1 {keeps more tension.} Ra6+ 80. Kd5 Ra7 81. Rg1+ Kf5 82. Rf1+) 79... Ra6+ 80. Kd5 Ra5+ 81. Rc5 Ra6 82. Rb5 (82. Rc3 {seems wilder.} Ra5+ 83. Ke4 Ra4+ 84. Ke3 Kf5 85. Rc7) 82... Ra1 83. Rb8 Ra5+ 84. Kd6 Ra6+ 85. Kd7 Ra7+ 86. Ke8 Ra6 87. Kf8 Ra7 88. Rd8 Rb7 89. Ra8 Rb5 90. Re8 Rb7 91. Rd8 Rb5 92. Re8 Rb7 93. Kg8 Ra7 94. Rb8 (94. Rc8 {with more complications.} Rb7 95. Kf8 Rb5 96. e6 fxe6 97. Ke7) 94... Ra6 95. Rd8 Re6 96. Rf8 Rxe5 97. Rxf7 Re8+ 98. Rf8 Rxf8+ 99. Kxf8 {Threatening mate with Ke7.} Kxf6 100. Ke8 {Weighted Error Value: White=0.14/Black=0.10} 1/2-1/2

[Event "Belgrade Spring Open 2021"]
[Site "Belgrade"]
[Date "2021.04.09"]
[Round "9.4"]
[White "Thybo, Jesper Sondergaard"]
[Black "Abramovic, Bosko"]
[Result "1-0"]
[WhiteElo "2568"]
[BlackElo "2333"]
[Annotator "TA"]
[PlyCount "109"]
[EventDate "2021.04.02"]
[EventType "swiss"]
[EventCountry "SRB"]
[SourceTitle "playchess.com"]
[Source "ChessBase"]
[SourceQuality "1"]

{[%evp 11,109,27,24,24,33,33,12,15,81,77,68,61,64,7,52,37,55,31,24,16,80,28,41,33,36,29,18,39,34,35,37,23,66,75,111,109,144,116,160,156,241,158,145,160,185,201,189,173,162,160,253,181,181,146,239,222,300,299,303,287,414,387,406,371,376,343,314,313,315,284,282,300,299,306,274,264,253,231,256,245,283,293,285,280,346,343,335,323,475,407,641,634,1868,1299,1533,1083,2872,2780,6016,5724]} 1. e4 c5 2. Nf3 e6 3. d4 cxd4 4. Nxd4 Nc6 5. Nc3 a6 6. Nxc6 bxc6 7. Qd3 {B46: Sicilian: Taimanov: 5 Nc3 a6.} d5 8. Qg3 Nf6 9. Be2 {[#] The position is equal.} a5 $146 (9... Bb7 $11) ({Predecessor:} 9... g6 10. O-O Bg7 11. Bg5 h6 12. Bf4 Qb6 13. Bc7 Qxb2 14. Rab1 Qa3 15. Rb3 Qe7 {0-1 (28) Karjakin,S (2752)-Artemiev,V (2716) chess.com INT 2020}) 10. exd5 $16 exd5 11. O-O $1 Be6 12. Bf4 ({Better is} 12. Re1 $1 $14) 12... g6 13. Bf3 Be7 14. Bc7 Qc8 15. Na4 {Nb6 is the strong threat.} Nd7 (15... Qb7 $11) 16. Bd6 (16. Rae1 $16) 16... Qd8 $11 17. c4 $36 {[%mdl 2048] White is more active.} O-O 18. Rad1 Bxd6 19. Qxd6 {[%cal Rc4d5][%mdl 64] Double Attack} Nf6 20. Qc5 (20. Qxc6 Bd7 $17) 20... Rb8 21. Rfe1 (21. Qxc6 $2 Bd7 $19) 21... Rb4 22. b3 Qa8 {[%cal Rd5c4]} 23. Qd4 Nd7 24. Qd2 Nf6 25. Nc5 {[%cal Ba4c5,Bc5d3,Bd3e5][%mdl 32]} Re8 (25... Bf5 $16 {was called for.} 26. Qd4 (26. cxd5 cxd5 27. Bxd5 Qxd5 $16) 26... Qd8) 26. Qc3 Qd8 27. h4 Qe7 28. Nd3 Rbb8 29. Ne5 Rbc8 30. Qxa5 dxc4 (30... Qd6 $16 31. Qd2 Bf5) 31. Nxc4 ({Resist} 31. Nxc6 Qc7 $18) 31... Nd5 32. h5 ({But not} 32. Bxd5 $6 cxd5 33. Ne3 Ra8 $16) 32... Red8 {[#]} (32... Ra8 $16 33. Qd2 Rad8) 33. Ne5 $1 $18 Qg5 34. h6 c5 35. Nd3 Bf5 (35... Rd7 {might work better.} 36. a4 (36. Nxc5 Nf4 $18) 36... Qd8 37. Qxd8+ Rdxd8) 36. Nxc5 Nf4 {intending ...Bd3.} 37. Rxd8+ Rxd8 38. Ne4 Nh3+ 39. Kh1 Bxe4 40. Qxg5 Nxg5 41. Bxe4 {[%mdl 4096] Endgame KRB-KRN} Kf8 {Threatening ...Re8.} 42. Bc6 Ne6 43. Kg1 Nd4 44. Ba4 Nf5 45. Bb5 Nxh6 46. a4 {[%cal Ba2a4,Ba4a5,Ba5a6,Ba6a7][%mdl 32]} Nf5 47. b4 {[%cal Bb3b4,Bb4b5,Bb5b6][%mdl 32]} Rb8 48. Rb1 Nd4 49. Bd3 Ke7 (49... Nc6 {was worth a try.} 50. b5 Na5) 50. b5 Kd6 (50... Ra8 $142 51. b6 Rd8) 51. a5 {White is clearly winning.} Ne6 52. a6 Nc5 {[#]} 53. a7 $1 Ra8 {[#]} (53... Kc7 54. axb8=R) 54. b6 $1 Nd7 (54... Kd5 55. Be2) 55. Be4 {Weighted Error Value: White=0.10/Black=0.37} 1-0

[Event "Belgrade Spring Open 2021"]
[Site "Belgrade"]
[Date "2021.04.09"]
[Round "9.5"]
[White "Kaasen, Tor Fredrik"]
[Black "Milanovic, Slavisa"]
[Result "1/2-1/2"]
[WhiteElo "2397"]
[BlackElo "2301"]
[Annotator "NA"]
[PlyCount "74"]
[EventDate "2021.04.02"]
[EventType "swiss"]
[EventCountry "SRB"]
[SourceTitle "playchess.com"]
[Source "ChessBase"]
[SourceQuality "1"]
[TimeControl "5400+30"]

1. e4 {[%emt 0:03:46]} e6 {[%emt 0:04:29]} 2. d4 {[%emt 0:00:37]} d5 {[%emt 0:00:09]} 3. Nc3 {[%emt 0:00:34]} Bb4 {[%emt 0:00:17]} 4. e5 {[%emt 0:00:52]} c5 {[%emt 0:00:20]} 5. a3 {[%emt 0:00:18]} Bxc3+ {[%emt 0:00:44]} 6. bxc3 {[%emt 0:00:09]} Ne7 {[%emt 0:00:06]} 7. h4 {[%emt 0:00:34]} Qc7 {[%emt 0:02:20]} 8. h5 {[%emt 0:01:41]} h6 {[%emt 0:00:32]} 9. Rb1 {[%emt 0:00:31]} b6 {[%emt 0:01:17]} 10. Qg4 {[%emt 0:01:33]} Nf5 {[%emt 1:24:46]} 11. Bd3 {[%emt 0:03:38]} cxd4 {[%emt 0:00:00]} 12. Nf3 {[%emt 0:02:02]} Rg8 {[%emt 0:00:00]} 13. cxd4 {[%emt 0:01:07]} Ba6 {[%emt 0:00:00]} 14. Bd2 {[%emt 0:05:48]} Bxd3 {[%emt 0:00:00]} 15. cxd3 {[%emt 0:00:08]} Qc2 {[%emt 0:00:00]} 16. O-O {[%emt 0:09:55]} Qxd3 {[%emt 0:00:00]} 17. Rbc1 {[%emt 0:01:04]} Kd7 {[%emt 0:00:00]} 18. Rc3 {[%emt 0:04:44]} Qe4 {[%emt 0:00:00]} 19. Qh3 {[%emt 0:06:15]} Ne7 {[%emt 0:00:00]} 20. Re1 {[%emt 0:06:10]} Qh7 {[%emt 0:00:00]} 21. Rec1 {[%emt 0:06:21]} Nbc6 {[%emt 0:00:00]} 22. g3 {[%emt 0:00:18]} Rac8 {[%emt 0:00:00]} 23. Qf1 {[%emt 0:00:35]} Qf5 {[%emt 0:00:00]} 24. Qb5 {[%emt 0:05:02]} Rc7 {[%emt 0:00:00]} 25. Ne1 {[%emt 0:01:32]} Rgc8 {[%emt 0:00:00]} 26. Nd3 {[%emt 0:01:25]} Kd8 {[%emt 0:00:00]} 27. Qa4 {[%emt 0:02:40]} Qxh5 {[%emt 0:00:00]} 28. Nb4 {[%emt 0:03:07]} Qe2 {[%emt 0:07:23]} 29. Nxc6+ {[%emt 0:18:47]} Rxc6 {[%emt 0:00:23]} 30. Rxc6 {[%emt 0:00:19]} Nxc6 {[%emt 0:00:19]} 31. Rxc6 {[%emt 0:01:30]} Rxc6 {[%emt 0:00:06]} 32. Qxc6 {[%emt 0:00:05]} Qxd2 {[%emt 0:00:10]} 33. Qa8+ {[%emt 0:00:17]} Ke7 {[%emt 0:00:24]} 34. Qxa7+ {[%emt 0:00:10]} Ke8 {[%emt 0:00:08]} 35. Qb8+ {[%emt 0:00:25]} Ke7 {[%emt 0:00:21]} 36. Qc7+ {[%emt 0:00:22]} Ke8 {[%emt 0:00:06]} 37. Qc8+ {[%emt 0:00:06]} Ke7 {[%emt 0:00:07]} 1/2-1/2

[Event "Belgrade Spring Open 2021"]
[Site "Belgrade"]
[Date "2021.04.09"]
[Round "9.6"]
[White "Masic, Predrag"]
[Black "Pastar, Slaven"]
[Result "1-0"]
[WhiteElo "2263"]
[BlackElo "2374"]
[Annotator "NA"]
[PlyCount "93"]
[EventDate "2021.04.02"]
[EventType "swiss"]
[EventCountry "SRB"]
[SourceTitle "playchess.com"]
[Source "ChessBase"]
[SourceQuality "1"]
[TimeControl "5400+30"]

1. e4 {[%emt 0:00:10]} e6 {[%emt 0:00:00]} 2. d4 {[%emt 0:04:51]} d5 {[%emt 0:00:00]} 3. exd5 {[%emt 0:00:17]} exd5 {[%emt 0:00:00]} 4. Bd3 {[%emt 0:00:15]} Bd6 {[%emt 0:00:01]} 5. Nf3 {[%emt 0:04:40]} Nc6 {[%emt 0:00:48]} 6. c3 {[%emt 0:05:07]} Nge7 {[%emt 0:00:34]} 7. Nbd2 {[%emt 0:01:26]} Bg4 {[%emt 0:00:34]} 8. h3 {[%emt 0:03:14]} Bh5 {[%emt 0:06:02]} 9. Nf1 {[%emt 0:02:41]} Qd7 {[%emt 0:02:26]} 10. Ng3 {[%emt 0:07:50]} Qe6+ {[%emt 0:02:51]} 11. Kd2 {[%emt 0:01:23]} Bg6 {[%emt 0:04:59]} 12. Re1 {[%emt 0:00:42]} Qd7 {[%emt 0:00:38]} 13. Bxg6 {[%emt 0:03:30]} hxg6 {[%emt 0:04:42]} 14. Kc2 {[%emt 0:00:53]} b5 {[%emt 0:04:51]} 15. a3 {[%emt 0:05:24]} a5 {[%emt 0:02:08]} 16. Ne5 {[%emt 0:07:26]} Bxe5 {[%emt 0:05:19]} 17. dxe5 {[%emt 0:00:02]} O-O {[%emt 0:05:33]} 18. Qg4 {[%emt 0:01:18]} Nf5 {[%emt 0:02:15]} 19. Nxf5 {[%emt 0:01:13]} gxf5 {[%emt 0:01:33]} 20. Qg3 {[%emt 0:01:06]} Ra6 {[%emt 0:04:12]} 21. Bg5 {[%emt 0:03:34]} Ne7 {[%emt 0:02:54]} 22. h4 {[%emt 0:03:46]} Kh7 {[%emt 0:06:47]} 23. Qd3 {[%emt 0:02:18]} Rg6 {[%emt 0:05:50]} 24. f4 {[%emt 0:08:03]} Rc6 {[%emt 0:04:43]} 25. Bxe7 {[%emt 0:13:56]} Qxe7 {[%emt 0:00:12]} 26. Qxd5 {[%emt 0:00:06]} Rc5 {[%emt 0:07:18]} 27. Qd3 {[%emt 0:00:42]} b4 {[%emt 0:02:29]} 28. axb4 {[%emt 0:00:45]} axb4 {[%emt 0:00:28]} 29. c4 {[%emt 0:02:08]} Rd8 {[%emt 0:08:44]} 30. Qxf5+ {[%emt 0:00:53]} Kg8 {[%emt 0:01:50]} 31. Qe4 {[%emt 0:03:55]} Qxh4 {[%emt 0:02:56]} 32. Kb3 {[%emt 0:01:10]} g6 {[%emt 0:07:33]} 33. Ra8 {[%emt 0:02:30]} Kg7 {[%emt 0:02:18]} 34. Rxd8 {[%emt 0:00:45]} Qxd8 {[%emt 0:00:03]} 35. Ra1 {[%emt 0:00:17]} f5 {[%emt 0:02:33]} 36. exf6+ {[%emt 0:03:13]} Qxf6 {[%emt 0:00:03]} 37. Rd1 {[%emt 0:00:19]} Rf5 {[%emt 0:00:54]} 38. g3 {[%emt 0:00:34]} Qf7 {[%emt 0:01:18]} 39. Qd4+ {[%emt 0:00:23]} Qf6 {[%emt 0:00:29]} 40. Qxf6+ {[%emt 0:00:19]} Kxf6 {[%emt 0:00:04]} 41. Kxb4 {[%emt 0:00:58]} Rh5 {[%emt 0:00:20]} 42. Rd5 {[%emt 0:00:19]} Rh3 {[%emt 0:00:41]} 43. Rg5 {[%emt 0:00:09]} Rh2 {[%emt 0:00:07]} 44. b3 {[%emt 0:00:21]} Rb2 {[%emt 0:00:09]} 45. Kc5 {[%emt 0:00:43]} Rxb3 {[%emt 0:00:07]} 46. Kc6 {[%emt 0:00:07]} Ke7 {[%emt 0:00:41]} 47. Kxc7 {[%emt 0:00:14]} 1-0

[Event "Belgrade Spring Open 2021"]
[Site "Belgrade"]
[Date "2021.04.09"]
[Round "9.7"]
[White "Pasti, Aron"]
[Black "Potpara, Nikola"]
[Result "1-0"]
[WhiteElo "2231"]
[BlackElo "2370"]
[Annotator "TA"]
[PlyCount "103"]
[EventDate "2021.04.02"]
[EventType "swiss"]
[EventCountry "SRB"]
[SourceTitle "playchess.com"]
[Source "ChessBase"]
[SourceQuality "1"]

{[%evp 24,103,39,52,54,45,53,56,56,77,58,56,111,113,138,126,111,90,92,0,0,0,0,0,0,0,0,0,0,0,0,0,50,51,93,0,21,0,0,0,0,0,46,34,66,55,70,79,80,79,91,83,79,87,90,91,97,49,102,93,89,74,87,79,117,117,29977,29978,29978,29979,29979,716,29980,29981,29982,29983,29983,29984,29984,29985,29985,29986]} 1. e4 c5 2. Nf3 d6 3. d4 cxd4 4. Nxd4 Nf6 5. Nc3 Nc6 6. Bg5 e6 7. Qd2 a6 8. O-O-O Bd7 9. f4 b5 10. Bxf6 gxf6 11. Kb1 Qb6 12. Nxc6 Bxc6 13. f5 $1 {13.f5 is better than 13.Qe1.} h5 {B67: Sicilian: Richter-Rauzer: 7...a6 8 0-0-0 Bd7, lines without 9 f4 Be7.} 14. fxe6 {14.Qe1 is vanishing.} fxe6 15. Qe1 Ra7 {White is slightly better.} 16. Bd3 Rg7 {[#]} 17. Ne2 $146 ({Predecessor:} 17. Rf1 Be7 18. Ne2 h4 19. Rf2 Rh5 20. Nf4 Re5 21. Re2 Rg4 22. Qf1 Qc5 23. Rde1 {0-1 (35) Palac,M (2610)-Kozul,Z (2612) Pula 1999}) 17... Bd7 (17... h4 $14) 18. Nf4 h4 19. Rf1 Be7 20. Qc3 Qc5 21. Qxc5 (21. Qd2 $16) 21... dxc5 $11 22. e5 f5 23. Be2 Bg5 24. Nh5 (24. Bh5+ $2 Ke7 $17) 24... Rgh7 25. Nf4 Rg7 {And now ...Bxf4 would win.} 26. Nh5 (26. Bh5+ $2 Ke7 $17) 26... Rgh7 27. Nf4 Bxf4 (27... Rg8 {seems wilder.} 28. g4 hxg3 29. hxg3 Rh2 30. Bf3 Bh6) 28. Rxf4 Ke7 29. Rf2 ({Better is} 29. Rd6 $16) 29... Bc8 30. Bf3 Rd8 31. Rxd8 Kxd8 {[%mdl 4096] Endgame KRB-KRB} 32. Rd2+ Ke8 33. Rd6 Rc7 34. Kc1 Kf7 35. Kd2 Kg6 36. Ke3 Kg5 {[#]} 37. g3 $1 hxg3 38. hxg3 a5 39. Rd8 Kg6 40. g4 Bd7 (40... Bb7 $14) 41. Kf4 $16 {gxf5+ is the strong threat.} fxg4 42. Bxg4 Kf7 43. Kg5 a4 44. Rh8 {Strongly threatening Rh7+.} b4 $2 {[%mdl 8192] This costs Black the game.} (44... a3 $16) 45. Rh7+ Ke8 46. Kf6 {[%cal Rh7h8]} Kd8 47. Rh8+ Be8 48. Bh5 {White mates.} Re7 49. Rxe8+ Rxe8 50. Bxe8 Kxe8 51. Kxe6 c4 {[#]} 52. b3 $1 {Weighted Error Value: White=0.08/Black=0.30} 1-0